Úloha obalů v logistických řetězcích

Rozdelenie obalov v logistických reťazcoch: spotrebiteľské (primárne) obaly, skupinové (sekundárne) obaly a prepravné (terciárne) obaly. Požiadavky na voľbu obalov. Inteligentné balenie. Aktívne obaly potravinových výrobkov. Monitorovanie kritických bodov. Pomocné obalové prostriedky.

Saved in:
Bibliographic Details
Main Author: Cempírek, Václav
Format: Book Chapter
Language:Czech
Subjects:
Tags: Add Tag
No Tags, Be the first to tag this record!

MARC

LEADER 00000naa a2200000 4500
001 0128468
005 20231129095755.1
041 0 |a cze 
044 |a CZ 
245 1 0 |a Úloha obalů v logistických řetězcích  |c Václav Cempírek 
520 |a Rozdelenie obalov v logistických reťazcoch: spotrebiteľské (primárne) obaly, skupinové (sekundárne) obaly a prepravné (terciárne) obaly. Požiadavky na voľbu obalov. Inteligentné balenie. Aktívne obaly potravinových výrobkov. Monitorovanie kritických bodov. Pomocné obalové prostriedky. 
610 2 0 |a obaly 
610 2 0 |a balenie 
610 2 0 |a technika obalová 
610 2 0 |a potraviny 
610 2 0 |a logistika 
610 2 0 |a reťazce logistické 
610 2 0 |a preprava 
100 1 |a Cempírek, Václav